Mestský hotel

Gespeichert in:
Bibliographische Detailangaben
1. Verfasser: Melichová, Eva (Verfasst von)
Weitere Verfasser: Jamnický, Martin (Betreuung Doktorarbeit)
Format: Manuskript Buch
Sprache:Slowakisch
Veröffentlicht: 2015
Schlagworte:
Online-Zugang:http://is.stuba.sk/zp/portal_zp.pl?podrobnosti=109959
https://opac.crzp.sk/?fn=detailBiblioForm&sid=78283B71680DBAF21442D71D22D4
Tags: Tag hinzufügen
Keine Tags, Fügen Sie das erste Tag hinzu!

MARC

LEADER 00000ntm a22000003a 4500
001 stuzp51042
003 SK-STU
005 20231025144928.6
007 ta
008 150427s2015----xo-----f-mn---000-0-slo-d
040 |a STU  |b slo 
041 0 |a slo 
100 1 |a Melichová, Eva  |u 010180  |4 aut  |U SvF Stavebná fakulta  |T SvF Katedra konštrukcií pozemných stavieb  |X 67472  |U V180  |Y 18  |7 A000067472 
242 0 1 |a City hotel  |y eng 
245 1 0 |a Mestský hotel 
260 |c 2015 
650 4 |a hotel  |2 slo 
650 4 |a podlažie  |2 slo 
650 4 |a skelet  |2 slo 
650 4 |a základová doska  |2 slo 
650 4 |a hotel  |2 eng 
650 4 |a floor  |2 eng 
650 4 |a skeleton  |2 eng 
650 4 |a foundation slab  |2 eng 
700 1 |a Jamnický, Martin  |4 ths  |X 4052  |7 A000004052 
856 4 |u http://is.stuba.sk/zp/portal_zp.pl?podrobnosti=109959 
856 4 |u https://opac.crzp.sk/?fn=detailBiblioForm&sid=78283B71680DBAF21442D71D22D4 
SQL |a stuzp51042  |b DDP  |c SLO  |d Mestský hotel  |e 67472  |f Melichová, Eva  |g 010180  |h 4052  |i Jamnický, Martin  |j 20150618  |k 8  |l 01  |m http://is.stuba.sk/zp/portal_zp.pl?podrobnosti=109959  |n I-AKP  |o 5.1.4. pozemné stavby